• 首页
  • 本馆介绍
  • 公告通知
  • 最新文献
  • 馆藏检索
  • 电子资源
  • 读者导购
  • 参考咨询
  • 我的图书馆
  • 登录
  • 详细信息显示
  • 放入我的书架
  • 预约/预借图书
  • 作者相关作品
  • 分类相关作品
  • 丛书相关作品
  • 出版社相关作品

书目信息

  • 表格格式
  • 工作单格式
  • 卡片格式
题名:
天然滋养面膜DIY
    
 
作者: ;优图生活 编著
分册:  
出版信息: 北京   金盾出版社  2009
页数: 225页
开本: 21cm
丛书名:
单 册:
中图分类: TS974.1 , R751.01
科图分类:
主题词: 女性--美容--基本知识 , 女性--皮肤--保健--基本知识
电子资源:
ISBN: 978-7-5082-5838-6
000 01004nam0 2200241 450
001 2369826488
005 20231226192405.93
010    @a978-7-5082-5838-6@d27.00CNY
100    @a20090701d2009 em y0chiy50 ea
101 0  @achi
102    @aCN@b110000
105    @ay z 000yy
200 1  @a天然滋养面膜DIY@Atian ran zi yang mian mo DIY@f优图生活编著
210    @a北京@c金盾出版社@d2009
215    @a225页@d21cm
330    @a本书紧贴女性美容养颜的实际需要, 精选了200多款具有显著美容养颜功效的面膜, 分为美白面膜、祛斑面膜、补水保湿面膜、去油面膜、收缩毛孔面膜、去皱面膜、消炎祛痘面膜、去角质面膜、防晒美白面膜、排毒面膜、瘦脸面膜等。书中就每一款面膜的功效、材料、适用肤质、做法等作了详细介绍, 您可从中选择适合自己的美容面膜, 按照书中的操作步骤实现您的美容计划。
606 0  @a女性@x美容@x基本知识
606 0  @a女性@x皮肤@x保健@x基本知识
690    @aTS974.1@v5
690    @aR751.01@v5
711 02 @a优图生活@Ayou tu sheng huo@4编著
801  0 @aCN@b湖北三新@c20091119
905    @aBZT@dTS974.1@e267
    
    天然滋养面膜DIY/优图生活编著.-北京:金盾出版社,2009
    225页;21cm
    
    
    ISBN 978-7-5082-5838-6:27.00CNY
    本书紧贴女性美容养颜的实际需要, 精选了200多款具有显著美容养颜功效的面膜, 分为美白面膜、祛斑面膜、补水保湿面膜、去油面膜、收缩毛孔面膜、去皱面膜、消炎祛痘面膜、去角质面膜、防晒美白面膜、排毒面膜、瘦脸面膜等。书中就每一款面膜的功效、材料、适用肤质、做法等作了详细介绍, 您可从中选择适合自己的美容面膜, 按照书中的操作步骤实现您的美容计划。
●
相关链接 在五车中查询图书 在当当中查询图书 在豆瓣中查询图书


正题名:天然滋养面膜DIY     索取号:TS974.1/267         预约/预借

序号 登录号 条形码 馆藏地/架位号 状态 备注
1 2001704933   2001704933   辽三/辽宁北配(第三批)/4015/ [索取号:TS974.1/267] 在馆    
2 2001704934   2001704934   辽三/辽宁北配(第三批)/4015/ [索取号:TS974.1/267] 在馆    
3 2001704935   2001704935   辽三/辽宁北配(第三批)/4015/ [索取号:TS974.1/267] 在馆    
4 2001704936   2001704936   辽三/辽宁北配(第三批)/4015/ [索取号:TS974.1/267] 在馆    
5 2001704937   2001704937   辽三/辽宁北配(第三批)/4015/ [索取号:TS974.1/267] 在馆    
山东省滨州职业学院图书馆 欢迎您!
大连网信软件有限公司© 版权所有